Negocios fiduciarios : (Registro nro. 29838)

Detalles MARC
000 -CABECERA
Longitud fija campo de control 01309nam a2200217 a 4500
003 - • IDENTIFICADOR DELl NÚMERO DE CONTROL
Identificador del número de control CO-ViMGA
008 - • CÓDIGOS DE INFORMACIÓN DE LONGITUD FIJA
Códigos de información de longitud fija 141112s2004 ck r 000 u spa d
040 ## - FUENTE DE LA CATALOGACIÓN
Centro catalogador de origen CO-ViMGA
Lengua de catalogación spa
Centro transcriptor CO-ViMGA
082 04 - • NÚMERO DE LA CLASIFICACIÓN DECIMAL DEWEY
Número de clasificación (R) 332.26 R637n
100 1# - • PUNTO DE ACCESO PRINCIPAL-NOMBRE DE PERSONA
Nombre de persona Rodríguez Azuero, Sergio
245 10 - • TITULO PROPIAMENTE DICHO
Título Negocios fiduciarios :
Resto del título su significación en América Latina
300 ## - • DESCRIPCIÓN FÍSICA
Extensión 663p.+CD - ROM
505 ## - • NOTA DE CONTENIDO CON FORMATO
Nota de contenido con formato Aproximación histórica a la noción de fiducia Antecedentes próximos y desarrollo de la figura La fiducia en Colombia La fiducia en el derecho LatinoAméricano La convencion de la Haya sobre el Trust El proyecto de la Ley francesa sobre fiducia Fiducia mercantil El acto jurídico en general El contrato de fideicomiso o fiducia mercantil Responsabilidad civil del fiduciario Negocios y productos fiduciarios Principales productos fiduciarios Productos derivados de la fiducia pública Aspectos tecnicos del negocio fiduciario Regulación fiscal y contable del contrato de fiducia mercantil
590 ## - NOTAS LOCALES
Nota local Forma de adquisición : Compra Legis, 2007 - - Precio :
-- 3.000
650 14 - • PUNTO DE ACCESO ADICIONAL DE MATERIA - TÉRMINO DE MATERIA
Término de materia o nombre geográfico como elemento inicial COMPAÑIAS FIDUCIARIAS - América LATINA
650 14 - • PUNTO DE ACCESO ADICIONAL DE MATERIA - TÉRMINO DE MATERIA
Término de materia o nombre geográfico como elemento inicial DERECHO COMERCIAL - América LATINA
650 14 - • PUNTO DE ACCESO ADICIONAL DE MATERIA - TÉRMINO DE MATERIA
Término de materia o nombre geográfico como elemento inicial FIDUCIA - LEGISLACION - COLOMBIA
942 ## - ENTRADA DE ELEMENTOS AGREGADOS (KOHA)
Fuente de clasificaión o esquema Dewey Decimal Classification
Koha [por defecto] tipo de item LIbro
Existencias
Perdido Fuente de clasificación o esquema Estado Físico No para préstamo Forma de adquisición Localización permanente Localización actual Fecha adquisición Serie de enumeración / cronolog&íacute;a Préstamos totales Signatura completa Código de barras Fecha última consulta Número de copia Fecha del precio de reemplazo Tipo de item de Koha
  Dewey Decimal Classification     Sala Especializada Tercer Piso Biblioteca Pública Germán Arciniegas - Villavicencio Biblioteca Pública Germán Arciniegas - Villavicencio 12/04/2015 Volumen. 1 | 11/jun/2009   332.26 R637n 21132 12/04/2015 Ej. 1 12/04/2015 LIbro









Instituto Departamental de Cultura del Meta - Red Departamental de Bibliotecas Públicas del Meta.